banner-ar

VASCULAR ACCESS PRINCIPLES AND / (Record no. 10730)

MARC details
000 -الفاتح
حقل البيانات ثابتة الطول 00444nam a2200169Ia 4500
008 - عناصر البيانات ثابتة الطول - معلومات عامة
حقل البيانات ثابتة الطول 140319s9999 xx 000 0 eng d
040 ## - مصدر الفهرسة
وكالة الفهرسة الأصلية GCL /
وكالة النسخ GCL
082 04 - رقم تصنيف ديوى العشرى
رقم التصنيف 617.413
رقم المادة W V
100 1# - المدخل الرئيسى - إسم شخصى
الإسم الشخصى WILSON, SAMUEL ERIC
245 10 - بيان العنوان
العنوان VASCULAR ACCESS PRINCIPLES AND /
بيان المسئوليه,etc WILSON, SAMUEL ERIC
260 ## - PUBLICATION, DISTRIBUTION, ETC. (IMPRINT)
تاريخ النشر أو التوزيع 1996
300 ## - الوصف المادى
التعداد 311
650 04 - المدخل الاضافى بالموضوع-مصطلح موضوعى
مصطلح موضوعي BLOOD VESSELS
650 04 - المدخل الاضافى بالموضوع-مصطلح موضوعى
مصطلح موضوعي VASCULAR ACCESS SURGERY
942 ## - عناصر المدخل الإضافي( كوها)
مصدر التصنيف او مخطط الترفيف Dewey Decimal Classification
Koha [default] item type كتاب
260 ## - PUBLICATION, DISTRIBUTION, ETC. (IMPRINT)
-- [S.N] :
-- MOSBY ،
Holdings
حالة التراجع حالة الفقد حالة تلف ليس للاعارة المكان المؤقت الموقع الحالى تاريخ الاكتساب اجمالي اﻻعارات رقم الطلب الباركود تاريخ اخر مشاهدة تاريخ تفعيل السعر نوع وعاء كوها
        مكتبة القاهرة الكبرى مكتبة القاهرة الكبرى 03/26/2014   617.413\W V 21571 03/26/2014 03/26/2014 كتاب

Powered By

EGPV